[Event "CYCC U12"]
[Site "Hamilton CAN"]
[Date "2022.07.09"]
[Round "3.22"]
[White "Elizarov, Gabriel"]
[Black "Pillal, Karma"]
[Result "0-1"]
[WhiteElo "240"]
[BlackElo "1208"]
[PlyCount "82"]
[EventDate "2022.07.08"]
[EventType "swiss"]
[EventRounds "7"]
[EventCountry "CAN"]

1. e4 c5 2. Nf3 Nc6 3. Bb5 g6 4. d4 cxd4 5. Nxd4 Bg7 6. Be3 Nf6 7. Nc3 O-O 8.
Qd2 Nxd4 9. Bxd4 a6 10. Be2 d6 11. O-O Bd7 12. Bf3 Bc6 13. Nd5 Bxd5 14. exd5
Rc8 15. c3 Qd7 16. Qe2 e5 17. dxe6 fxe6 18. Bxf6 Rxf6 19. Rfe1 Re8 20. Bd5 Kf8
21. Bb3 Bh6 22. Rad1 e5 23. Qc4 Qg7 24. Qb4 Qc7 25. Qh4 Kg7 26. Ba4 Rf4 27.
Qxf4 Bxf4 28. Bxe8 b5 29. g3 Bg5 30. f4 exf4 31. gxf4 Bxf4 32. Rf1 Qc5+ 33. Kh1
g5 34. Bh5 Qc4 35. a3 Qe4+ 36. Bf3 Qc2 37. Bg2 Qxb2 38. h4 h6 39. Rg1 Qxc3 40.
Rdf1 Qxa3 41. Be4 Qh3# 0-1

[Event "CYCC U12"]
[Site "Hamilton CAN"]
[Date "2022.07.09"]
[Round "3.23"]
[White "Gummadi, Bhargav Ram"]
[Black "Chen, Michael"]
[Result "0-1"]
[WhiteElo "1168"]
[BlackElo "1152"]
[PlyCount "152"]
[EventDate "2022.07.08"]
[EventType "swiss"]
[EventRounds "7"]
[EventCountry "CAN"]

1. e4 e5 2. Nf3 Nc6 3. d4 exd4 4. Nxd4 Bc5 5. Nb3 Bb6 6. Nc3 Nge7 7. Bg5 h6 8.
Bh4 d6 9. Bb5 g5 10. Bg3 a6 11. Bc4 h5 12. h3 Ng6 13. O-O h4 14. Bh2 g4 15.
hxg4 h3 16. g3 Qg5 17. Be2 Nge5 18. Nd5 Qg6 19. Nxb6 cxb6 20. f3 Bd7 21. c3
O-O-O 22. a4 Rdg8 23. a5 bxa5 24. Nxa5 Nxa5 25. Rxa5 Qh6 26. Qc1 Qg6 27. Qd2
Bc6 28. b4 Rd8 29. b5 axb5 30. Bxb5 b6 31. Ba6+ Kc7 32. Raa1 Ra8 33. Qf2 b5 34.
Ra2 Rhb8 35. Rfa1 Rb6 36. Kh1 Nxf3 37. Bg1 Nxg1 38. Kxg1 Qxe4 39. Qxf7+ Bd7 40.
Qf2 Rh8 41. Qh2 Qe3+ 42. Rf2 Rf8 43. Kf1 Rxf2+ 44. Qxf2 Qxf2+ 45. Kxf2 Bxg4 46.
Kg1 Rb8 47. Rb1 Rh8 48. Kh2 Ra8 49. Rb4 Be6 50. Re4 Bd7 51. Bxb5 Bxb5 52. Kxh3
Bd7+ 53. Kh4 Ra4 54. Rxa4 Bxa4 55. Kg5 Kb6 56. Kf4 Kc5 57. Ke4 Kc4 58. g4 Bc6+
59. Ke3 d5 60. Kd2 Be8 61. Kc2 Bg6+ 62. Kb2 Bd3 63. g5 Bg6 64. Kc1 Kxc3 65. Kd1
d4 66. Kc1 d3 67. Kd1 Bh5+ 68. Ke1 d2+ 69. Kf2 d1=Q 70. g6 Bxg6 71. Kg3 Qd3+
72. Kf2 Be8 73. Kg2 Qe3 74. Kh2 Qg5 75. Kh1 Bc6+ 76. Kh2 Qg2# 0-1

[Event "CYCC U12"]
[Site "Hamilton CAN"]
[Date "2022.07.09"]
[Round "3.24"]
[White "Zhang, Joey"]
[Black "Nguyen, Aiden"]
[Result "1-0"]
[WhiteElo "944"]
[BlackElo "540"]
[PlyCount "93"]
[EventDate "2022.07.08"]
[EventType "swiss"]
[EventRounds "7"]
[EventCountry "CAN"]

1. e4 e5 2. f4 d6 3. Nf3 Nc6 4. Bb5 a6 5. Bxc6+ bxc6 6. O-O Bg4 7. h3 Bh5 8. g4
Bxg4 9. hxg4 Nf6 10. g5 Nxe4 11. Nc3 Ng3 12. Re1 Be7 13. d4 f6 14. dxe5 O-O 15.
exf6 gxf6 16. Ne4 Nf5 17. b3 d5 18. Nxf6+ Bxf6 19. gxf6 Qxf6 20. Ba3 Rf7 21.
Kf2 h5 22. Rg1+ Ng7 23. Qd4 Qf5 24. Rac1 Qxf4 25. Qxf4 Rxf4 26. Bb2 Rf7 27.
Rxg7+ Rxg7 28. Bxg7 Kxg7 29. Re1 Rf8 30. Re7+ Kg6 31. Rxc7 h4 32. Kg2 Kf5 33.
Nxh4+ Kg4 34. Ng6 Rf3 35. Ne5+ Kf4 36. Nxf3 Ke4 37. c4 d4 38. Nxd4 Kxd4 39.
Rxc6 Kc3 40. c5 a5 41. Rc8 Kb2 42. Rb8 Kxa2 43. c6 a4 44. bxa4 Ka3 45. c7 Kxa4
46. c8=R Ka5 47. Rc6 1-0

[Event "CYCC U12"]
[Site "Hamilton CAN"]
[Date "2022.07.09"]
[Round "3.25"]
[White "Davydov, Daniel"]
[Black "Zhang, Jeff"]
[Result "1/2-1/2"]
[WhiteElo "701"]
[BlackElo "901"]
[PlyCount "51"]
[EventDate "2022.07.08"]
[EventType "swiss"]
[EventRounds "7"]
[EventCountry "CAN"]

1. e4 c5 2. Nf3 Nc6 3. Nc3 d6 4. Bb5 Bd7 5. O-O e6 6. d3 Nge7 7. Re1 g6 8. e5
dxe5 9. Bxc6 Nxc6 10. Nxe5 Nxe5 11. Rxe5 f6 12. Re1 Bg7 13. d4 cxd4 14. Qxd4
O-O 15. b3 f5 16. Qd3 Rc8 17. Bb2 a6 18. Rad1 Bc6 19. Rxe6 Qxd3 20. Rxd3 Rce8
21. Rxe8 Rxe8 22. f3 Bf8 23. Nd5 Bxd5 24. Rxd5 Re2 25. Rd8 Kf7 26. Rc8 1/2-1/2

[Event "CYCC U12"]
[Site "Hamilton CAN"]
[Date "2022.07.09"]
[Round "4.1"]
[White "Liu, Sean"]
[Black "Duanmu, Isaac"]
[Result "0-1"]
[WhiteElo "1208"]
[BlackElo "1265"]
[PlyCount "72"]
[EventDate "2022.07.08"]
[EventType "swiss"]
[EventRounds "7"]
[EventCountry "CAN"]

1. e4 e5 2. Nf3 Nc6 3. Bc4 Bc5 4. Nc3 Nf6 5. O-O d6 6. h3 O-O 7. d3 h6 8. a3
Ne7 9. Bb3 c6 10. Be3 Bb6 11. Qe2 Ng6 12. a4 Re8 13. a5 Bxa5 14. Ra2 Bb6 15.
Na4 Bxe3 16. fxe3 d5 17. exd5 cxd5 18. e4 Nf4 19. Qe1 d4 20. Kh2 b5 21. Nxe5
Rxe5 22. Rxf4 bxa4 23. Rxa4 Qc7 24. Rc4 Rc5 25. g3 Rxc4 26. Bxc4 Qe5 27. Qe2
Be6 28. Bxe6 fxe6 29. Kg2 Nd5 30. Rf3 Rc8 31. Qf2 Ne3+ 32. Kg1 Rxc2 33. Rf8+
Kh7 34. Qf3 Rg2+ 35. Qxg2 Nxg2 36. Kxg2 Qb5 0-1

[Event "CYCC U12"]
[Site "Hamilton CAN"]
[Date "2022.07.09"]
[Round "4.2"]
[White "Qian, Eric"]
[Black "Guillemette, Hugo"]
[Result "1-0"]
[WhiteElo "1753"]
[BlackElo "2041"]
[PlyCount "101"]
[EventDate "2022.07.08"]
[EventType "swiss"]
[EventRounds "7"]
[EventCountry "CAN"]

1. e4 c5 2. Nf3 e6 3. g3 Nc6 4. Bg2 Nf6 5. Qe2 Be7 6. O-O d5 7. exd5 exd5 8. h3
O-O 9. d3 Re8 10. Qd1 b6 11. Bf4 Bb7 12. Nc3 a6 13. a4 Rc8 14. Ne5 Nd4 15. Nf3
Ne6 16. Bd2 d4 17. Ne2 Ba8 18. Nf4 Nxf4 19. Bxf4 Nd5 20. Bd2 Bf6 21. Re1 h6 22.
Nh2 Qd6 23. Qh5 Be7 24. Ng4 Nf6 25. Nxf6+ Bxf6 26. Bxa8 Rxa8 27. b3 Qc6 28. Qg4
Kh8 29. h4 Rxe1+ 30. Rxe1 Re8 31. Rxe8+ Qxe8 32. Qe4 Qc8 33. Kh2 Kg8 34. Bf4
Qe6 35. Qxe6 fxe6 36. Bc7 Be7 37. Bxb6 Bd6 38. Kg2 Kf7 39. Kf3 Kf6 40. Ke4 h5
41. b4 cxb4 42. Kxd4 Kf5 43. Bc5 Be5+ 44. Kc4 a5 45. Kb5 Bc3 46. Bb6 Be1 47.
Bxa5 Bxf2 48. Bc7 e5 49. a5 Bxg3 50. a6 Bf2 51. Bb6 1-0

[Event "CYCC U12"]
[Site "Hamilton CAN"]
[Date "2022.07.09"]
[Round "4.3"]
[White "Ming, Jerry"]
[Black "Wu, Nolan"]
[Result "0-1"]
[WhiteElo "1716"]
[BlackElo "1550"]
[PlyCount "40"]
[EventDate "2022.07.08"]
[EventType "swiss"]
[EventRounds "7"]
[EventCountry "CAN"]

1. e4 c5 2. c3 d5 3. exd5 Qxd5 4. d4 g6 5. Nf3 Bg7 6. Na3 cxd4 7. Bc4 Qe4+ 8.
Be2 dxc3 9. Be3 cxb2 10. Rb1 Qb4+ 11. Kf1 Qxa3 12. Ng5 Nf6 13. Bc4 e6 14. Bd4
O-O 15. Rxb2 Nc6 16. Rb3 Qe7 17. Be3 b6 18. Bb5 Bb7 19. Rd3 Nd5 20. Bc1 Rfd8
0-1

[Event "CYCC U12"]
[Site "Hamilton CAN"]
[Date "2022.07.09"]
[Round "4.4"]
[White "Tseng, Bradley"]
[Black "Zhong, Ryan Yunhui"]
[Result "0-1"]
[WhiteElo "1343"]
[BlackElo "1480"]
[PlyCount "138"]
[EventDate "2022.07.08"]
[EventType "swiss"]
[EventRounds "7"]
[EventCountry "CAN"]

1. e4 c5 2. Nf3 d6 3. d4 cxd4 4. Qxd4 Nf6 5. Nc3 a6 6. b3 e6 7. Bb2 Nc6 8. Qd2
b5 9. Bd3 Bb7 10. O-O Be7 11. Ne2 Qc7 12. Ng3 Rc8 13. a4 b4 14. Qe2 O-O 15.
Rac1 Ra8 16. e5 dxe5 17. Nxe5 Bd6 18. f4 Bc5+ 19. Kh1 Nd4 20. Qd1 Nd5 21. Bxh7+
Kxh7 22. Bxd4 Rad8 23. Qh5+ Kg8 24. Bxc5 Qxc5 25. Ne4 Qe7 26. Ng5 Nf6 27. Qh4
Rd2 28. Rg1 Be4 29. Qe1 Rd4 30. Nxe4 Rxe4 31. Qf1 Qd6 32. Qd3 Rd4 33. Qf3 Rc8
34. Rcd1 Rxc2 35. Rxd4 Qxd4 36. Qa8+ Kh7 37. Nxf7 Qxf4 38. Qf3 Qf5 39. Qxf5+
exf5 40. Ng5+ Kg6 41. Nf3 Rc3 42. Rb1 Ne4 43. Kg1 Kf6 44. h3 a5 45. Kh2 Nc5 46.
Nd4 Rd3 47. Nc6 Rxb3 48. Rf1 Nxa4 49. Nxa5 Rc3 50. Rf4 Rc5 51. Nb3 Rb5 52. Nd4
g5 53. Rf1 Rd5 54. Nc2 b3 55. Ne3 Rb5 56. Rb1 b2 57. Nd1 Rc5 58. Nxb2 Rb5 59.
Nxa4 Rxb1 60. Nc3 Rb2 61. Kg1 Ke5 62. Kf1 Kf4 63. Nd5+ Kg3 64. Ne3 f4 65. Nf5+
Kh2 66. Nd4 Rxg2 67. Nf3+ Kh1 68. Ne1 Rg3 69. Kf2 Rxh3 0-1

[Event "CYCC U12"]
[Site "Hamilton CAN"]
[Date "2022.07.09"]
[Round "4.5"]
[White "Wu, Jonathan"]
[Black "Yu, Ryan"]
[Result "1-0"]
[WhiteElo "1891"]
[BlackElo "1368"]
[PlyCount "97"]
[EventDate "2022.07.08"]
[EventType "swiss"]
[EventRounds "7"]
[EventCountry "CAN"]

1. e4 c5 2. Nc3 Nc6 3. Bb5 e6 4. Bxc6 bxc6 5. d3 d5 6. e5 Ne7 7. Nf3 Ng6 8. O-O
Be7 9. Re1 O-O 10. b3 Ba6 11. Ba3 Qa5 12. Na4 Rac8 13. Qd2 Bd8 14. Bxc5 Bb5 15.
Bb4 Qa6 16. Bxf8 Nxf8 17. Nc5 Qa3 18. d4 Be7 19. Qe3 Bxc5 20. dxc5 Nd7 21. Red1
Nxc5 22. Qc1 Qa6 23. Nd4 Nd7 24. c4 dxc4 25. Nxb5 Nxe5 26. Nd6 Rb8 27. Nxc4 Ng6
28. Qa3 Qb7 29. Rd2 Nh4 30. Qd6 h6 31. Rad1 c5 32. Qxb8+ Qxb8 33. Rd8+ Qxd8 34.
Rxd8+ Kh7 35. Rd7 Nf5 36. Rxa7 Nd4 37. Rb7 f5 38. a4 f4 39. f3 Kg6 40. a5 Kf6
41. a6 Nc6 42. Rc7 Nd8 43. a7 Nf7 44. a8=Q e5 45. Qc6+ Kf5 46. Rxf7+ Kg5 47.
Rxg7+ Kh5 48. Qg6+ Kh4 49. Qxh6# 1-0

[Event "CYCC U12"]
[Site "Hamilton CAN"]
[Date "2022.07.09"]
[Round "4.6"]
[White "Zhou, Felix"]
[Black "Yao, Henry"]
[Result "0-1"]
[WhiteElo "1293"]
[BlackElo "1666"]
[PlyCount "72"]
[EventDate "2022.07.08"]
[EventType "swiss"]
[EventRounds "7"]
[EventCountry "CAN"]

1. d4 d5 2. c4 e6 3. Nc3 Nf6 4. Bg5 Be7 5. e3 h6 6. Bh4 O-O 7. Nf3 Ne4 8. Bxe7
Qxe7 9. cxd5 Nxc3 10. bxc3 exd5 11. c4 c6 12. cxd5 cxd5 13. Be2 Nc6 14. O-O Be6
15. Rb1 Rab8 16. Qd2 Rfc8 17. Rfc1 a5 18. Bb5 Bf5 19. Bd3 Bxd3 20. Qxd3 Nb4 21.
Qd2 Qe4 22. h3 Nd3 23. Rd1 Nb4 24. Rdc1 Rc4 25. Rb2 Rbc8 26. Rxc4 dxc4 27. Qc3
Nd5 28. Qc1 c3 29. Rc2 Rc7 30. a3 b5 31. Qb1 b4 32. axb4 Nxb4 33. Ne1 Nxc2 34.
Qb8+ Kh7 35. Qxc7 Nxe1 36. Qxc3 Qxg2# 0-1

[Event "CYCC U12"]
[Site "Hamilton CAN"]
[Date "2022.07.09"]
[Round "4.7"]
[White "Chen (167519), Chen"]
[Black "Moses, Neil"]
[Result "1-0"]
[WhiteElo "1375"]
[BlackElo "1578"]
[PlyCount "67"]
[EventDate "2022.07.08"]
[EventType "swiss"]
[EventRounds "7"]
[EventCountry "CAN"]

1. e4 e5 2. Nf3 Nc6 3. d4 exd4 4. Bc4 Bb4+ 5. c3 dxc3 6. bxc3 Bc5 7. Bxf7+ Kxf7
8. Qd5+ Kf8 9. Qxc5+ d6 10. Qc4 Qe7 11. O-O Nf6 12. Nbd2 Be6 13. Qd3 Ng4 14.
Ba3 Nce5 15. Nxe5 Nxe5 16. Qg3 c5 17. f4 Nf7 18. f5 Bd7 19. Rae1 Qf6 20. e5
Nxe5 21. Ne4 Qe7 22. Nxd6 Qxd6 23. Rxe5 Qf6 24. Bxc5+ Kg8 25. Be7 Qb6+ 26. Kh1
Be8 27. f6 g6 28. Qf4 h5 29. f7+ Kh7 30. f8=Q Rxf8 31. Bxf8 Qg1+ 32. Kxg1 Rd8
33. Qh6+ Kg8 34. Qg7# 1-0

[Event "CYCC U12"]
[Site "Hamilton CAN"]
[Date "2022.07.09"]
[Round "4.8"]
[White "Sundara Rajan, Inbhavenkat"]
[Black "Li, Aiden"]
[Result "1-0"]
[WhiteElo "1517"]
[BlackElo "1321"]
[PlyCount "107"]
[EventDate "2022.07.08"]
[EventType "swiss"]
[EventRounds "7"]
[EventCountry "CAN"]

1. e4 c5 2. d4 cxd4 3. Qxd4 Nc6 4. Qd1 g6 5. Nc3 Bg7 6. Nf3 Nf6 7. Bc4 d6 8.
O-O Bg4 9. h3 Bd7 10. Bf4 O-O 11. Qd2 Re8 12. Rfe1 a6 13. Bh6 b5 14. Bd3 Bh8
15. a3 Rc8 16. Nh2 Ne5 17. f4 Nxd3 18. Qxd3 Qb6+ 19. Kh1 Rc4 20. Re2 Rec8 21.
Rd1 Nh5 22. Nd5 Qd8 23. c3 Be6 24. g4 Nf6 25. Nxf6+ Bxf6 26. e5 Bg7 27. Bxg7
Kxg7 28. f5 Bd7 29. exd6 Bc6+ 30. Kg1 Qxd6 31. Qxd6 exd6 32. fxg6 hxg6 33. Rxd6
Rh8 34. Re3 a5 35. Nf1 a4 36. Nd2 Rc5 37. b4 Rd5 38. Rxd5 Bxd5 39. Kf2 Kf6 40.
Kg3 Rc8 41. h4 Bb3 42. Ne4+ Ke7 43. Nc5+ Kd6 44. Kf4 Bc4 45. Kg5 Rh8 46. Ne4+
Ke7 47. Nf6+ Be6 48. h5 gxh5 49. gxh5 Rf8 50. h6 Rh8 51. h7 Kf8 52. Kh6 Ke7 53.
Kg7 Rf8 54. Ng8+ 1-0

[Event "CYCC U12"]
[Site "Hamilton CAN"]
[Date "2022.07.09"]
[Round "4.9"]
[White "Mok, Erwin"]
[Black "Lu, Aiden"]
[Result "1-0"]
[WhiteElo "1468"]
[BlackElo "1291"]
[PlyCount "101"]
[EventDate "2022.07.08"]
[EventType "swiss"]
[EventRounds "7"]
[EventCountry "CAN"]

1. d4 d5 2. c4 c6 3. cxd5 cxd5 4. Bf4 Nf6 5. Nc3 Nc6 6. e3 a6 7. Nf3 Bf5 8. Qb3
b5 9. a4 bxa4 10. Qxa4 Bd7 11. Nb5 Rc8 12. Nc3 a5 13. Bb5 Qb6 14. Ne5 e6 15.
Nxc6 Bxc6 16. Qxa5 Qxa5 17. Bxc6+ Rxc6 18. Rxa5 Rc8 19. Rb5 Be7 20. Kd2 h6 21.
h3 g5 22. Bh2 Rg8 23. f3 h5 24. Rb7 g4 25. fxg4 hxg4 26. h4 g3 27. Bg1 Ng4 28.
Ne2 Nf6 29. h5 Ne4+ 30. Ke1 f5 31. Kd1 Kf7 32. h6 Rh8 33. Nf4 Nf6 34. Rb6 Ng4
35. Rxe6 Ra8 36. Rc6 Ra1+ 37. Rc1 Rxc1+ 38. Kxc1 Bg5 39. Nxd5 Ke6 40. Nf4+ Bxf4
41. exf4 Nxh6 42. Kd2 Nf7 43. Rxh8 Nxh8 44. Ke2 Kd5 45. Kf3 Nf7 46. b3 Nd6 47.
Kxg3 Ke4 48. Kh4 Nb5 49. Kg5 Nc7 50. g4 Ne6+ 51. Kf6 1-0

[Event "CYCC U12"]
[Site "Hamilton CAN"]
[Date "2022.07.09"]
[Round "4.10"]
[White "Russell, Wesley"]
[Black "Chen, Vincent"]
[Result "1-0"]
[WhiteElo "1287"]
[BlackElo "1445"]
[PlyCount "57"]
[EventDate "2022.07.08"]
[EventType "swiss"]
[EventRounds "7"]
[EventCountry "CAN"]

1. e4 c6 2. d4 d5 3. Nc3 dxe4 4. Nxe4 Nf6 5. Nxf6+ exf6 6. c3 Bf5 7. Bd3 Bxd3
8. Qxd3 Bd6 9. Be3 Nd7 10. Ne2 O-O 11. Ng3 Re8 12. Nf5 Bf4 13. O-O Bxe3 14.
fxe3 Ne5 15. Qe2 Ng6 16. Rae1 Ne7 17. Ng3 Qa5 18. a3 f5 19. Qd3 g6 20. e4 fxe4
21. Nxe4 Kg7 22. Nd6 f5 23. Nxe8+ Rxe8 24. Re5 Qc7 25. Rfe1 b5 26. Qe2 Kf7 27.
Qf2 h5 28. Qg3 a5 29. Rxf5+ 1-0

[Event "CYCC U12"]
[Site "Hamilton CAN"]
[Date "2022.07.09"]
[Round "4.11"]
[White "Xu, Leon"]
[Black "Leung, Joseph"]
[Result "1-0"]
[WhiteElo "1439"]
[BlackElo "1109"]
[PlyCount "85"]
[EventDate "2022.07.08"]
[EventType "swiss"]
[EventRounds "7"]
[EventCountry "CAN"]

1. e4 e5 2. Nf3 Nc6 3. Bc4 Bc5 4. c3 Nf6 5. d4 exd4 6. cxd4 Bb4+ 7. Bd2 Bxd2+
8. Nbxd2 d5 9. exd5 Nxd5 10. O-O O-O 11. Ne5 Nxe5 12. dxe5 Nb6 13. Bb3 a5 14.
a3 a4 15. Ba2 Qe7 16. f4 Be6 17. Bb1 f5 18. Nf3 h6 19. Qc2 Bb3 20. Qf2 Be6 21.
Nd4 Nd5 22. Ba2 c6 23. Qg3 Qf7 24. Bb1 Nc7 25. Kh1 Rfd8 26. Qf2 g6 27. Bc2 Bc4
28. Rfd1 Nb5 29. Nf3 Bb3 30. Ne1 Qc4 31. Rac1 Rxd1 32. Rxd1 Bxc2 33. Nxc2 c5
34. Qd2 Rc8 35. Qd7 Rc7 36. Qd8+ Kh7 37. Ne3 Qf7 38. Nd5 Rc6 39. Nf6+ Rxf6 40.
exf6 Nd4 41. Re1 Ne6 42. Rxe6 Qxe6 43. Qe7+ 1-0

[Event "CYCC U12"]
[Site "Hamilton CAN"]
[Date "2022.07.09"]
[Round "4.12"]
[White "Li, Anthony"]
[Black "Velasquez, Noah"]
[Result "1-0"]
[WhiteElo "1163"]
[BlackElo "1422"]
[PlyCount "95"]
[EventDate "2022.07.08"]
[EventType "swiss"]
[EventRounds "7"]
[EventCountry "CAN"]

1. e4 Nf6 2. Nc3 e5 3. Nf3 Nc6 4. Bc4 Bc5 5. d3 d6 6. Bg5 Be6 7. Bb5 a6 8. Ba4
Qd7 9. Qd2 O-O-O 10. Nd5 b5 11. Bxf6 gxf6 12. Nxf6 Qe7 13. Nd5 Bxd5 14. exd5
bxa4 15. dxc6 Qe8 16. O-O-O Qxc6 17. Qh6 Qb6 18. a3 Bxf2 19. Qh5 Be3+ 20. Kb1
Rdf8 21. Qg4+ Kb8 22. Qxa4 Ka7 23. Rhe1 Rb8 24. Qb3 Qa5 25. Qxf7 Rxb2+ 26. Kxb2
Rb8+ 27. Qb3 Bd4+ 28. Nxd4 exd4 29. Qxb8+ Kxb8 30. Re8+ Kb7 31. Rb1 Kc6 32. Re2
Qh5 33. Re4 Qc5 34. Rc1 Qc3+ 35. Ka2 a5 36. Re8 Kd5 37. Rh8 Qd2 38. Kb1 h6 39.
Rg8 Kc5 40. Rg7 Kb5 41. Rxc7 Ka4 42. Kb2 Qxg2 43. Ka2 Qxh2 44. Rc6 Qd2 45. Rb1
h5 46. Ra6 Qc3 47. Rb4+ Qxb4 48. axb4 1-0

[Event "CYCC U12"]
[Site "Hamilton CAN"]
[Date "2022.07.09"]
[Round "4.13"]
[White "Zhu, Charis"]
[Black "Wang, Dennis"]
[Result "1-0"]
[WhiteElo "1640"]
[BlackElo "1100"]
[PlyCount "69"]
[EventDate "2022.07.08"]
[EventType "swiss"]
[EventRounds "7"]
[EventCountry "CAN"]

1. d4 d5 2. c4 c6 3. Nc3 Nf6 4. Bg5 Ne4 5. Nxe4 dxe4 6. Bf4 e6 7. a3 Bd6 8.
Bxd6 Qxd6 9. e3 O-O 10. Qc2 f5 11. O-O-O Nd7 12. c5 Qc7 13. Ne2 Nf6 14. h4 b6
15. Nf4 Nd5 16. g3 bxc5 17. dxc5 Rb8 18. Bc4 Bd7 19. h5 Qe5 20. Rd2 a5 21. Rhd1
Qf6 22. Qa4 Rb7 23. Nxe6 Bxe6 24. Qxc6 Rxb2 25. Rxb2 Qc3+ 26. Kb1 Nc7 27. Bxe6+
Nxe6 28. Qxe6+ Kh8 29. Qe7 Rg8 30. Rd8 Qe1+ 31. Ka2 h6 32. Rxg8+ Kxg8 33. Qe8+
Kh7 34. Qg6+ Kg8 35. Rb8# 1-0

[Event "CYCC U12"]
[Site "Hamilton CAN"]
[Date "2022.07.09"]
[Round "4.14"]
[White "Jiang, William"]
[Black "Sun, Lucas"]
[Result "1/2-1/2"]
[WhiteElo "1380"]
[BlackElo "1026"]
[PlyCount "91"]
[EventDate "2022.07.08"]
[EventType "swiss"]
[EventRounds "7"]
[EventCountry "CAN"]

1. e4 c5 2. Nc3 Nc6 3. g3 Nf6 4. Bg2 e6 5. Nge2 d5 6. O-O d4 7. Nb1 g6 8. d3
Bg7 9. h3 O-O 10. f4 e5 11. f5 Bd7 12. g4 h6 13. Ng3 Nh7 14. Nd2 g5 15. Nh5 Nf6
16. Nxf6+ Bxf6 17. Nf3 Be7 18. h4 f6 19. Kf2 Kg7 20. Rh1 Rh8 21. Bd2 b5 22. b3
Qg8 23. Bf1 Be8 24. Be2 Bf7 25. Qf1 Qd8 26. a4 a6 27. Qg2 Qb6 28. Qf1 Rae8 29.
Kg3 Qb7 30. Rh2 Rh7 31. Rf2 Bd6 32. Kg2 Reh8 33. Kg3 Qb6 34. Ra2 b4 35. Rh2 a5
36. Ra1 Qd8 37. Qg2 Qg8 38. Rah1 Ne7 39. Be1 Nc6 40. Rh3 Bxb3 41. cxb3 Qxb3 42.
Qh2 Qg8 43. hxg5 fxg5 44. Rh5 Be7 45. Kg2 Bf6 46. Bd2 1/2-1/2

[Event "CYCC U12"]
[Site "Hamilton CAN"]
[Date "2022.07.09"]
[Round "4.15"]
[White "Fu, Odyssey"]
[Black "Mane, Arnav"]
[Result "1/2-1/2"]
[WhiteElo "1101"]
[BlackElo "1379"]
[PlyCount "111"]
[EventDate "2022.07.08"]
[EventType "swiss"]
[EventRounds "7"]
[EventCountry "CAN"]

1. e4 c5 2. Nf3 d6 3. d4 cxd4 4. Nxd4 Nf6 5. Nc3 a6 6. Be3 e6 7. f3 b5 8. Qd2
Bb7 9. O-O-O Nbd7 10. g4 Nb6 11. Bd3 Be7 12. h4 Rc8 13. Kb1 Nfd7 14. g5 d5 15.
h5 e5 16. g6 exd4 17. gxf7+ Kxf7 18. Bxd4 Bf6 19. Qf4 Qc7 20. Qe3 Bxd4 21. Qxd4
Qc5 22. Qxc5 Nxc5 23. exd5 Nxd5 24. Nxd5 Bxd5 25. Bxb5 Bxa2+ 26. Kxa2 axb5 27.
b4 Ra8+ 28. Kb1 Na4 29. Rd7+ Kf6 30. Rg1 Rhg8 31. Rb7 Rad8 32. Kc1 Nc3 33. Kb2
Na4+ 34. Kc1 Rb8 35. Rgxg7 Rxg7 36. Rxb8 Rg5 37. c4 bxc4 38. Rc8 c3 39. Ra8 Nb6
40. Ra6 Rb5 41. Kc2 Rxb4 42. Kxc3 Rb5 43. f4 Kf5 44. Ra7 h6 45. Rh7 Kxf4 46.
Rxh6 Kg5 47. Rh8 Nd7 48. h6 Nf6 49. Rf8 Nh7 50. Ra8 Kxh6 51. Kc4 Rg5 52. Ra6+
Kh5 53. Rb6 Nf8 54. Rb8 Ng6 55. Ra8 Ne5+ 56. Kc3 1/2-1/2

[Event "CYCC U12"]
[Site "Hamilton CAN"]
[Date "2022.07.09"]
[Round "4.16"]
[White "Pillal, Karma"]
[Black "Chen, Timmy"]
[Result "0-1"]
[WhiteElo "1208"]
[BlackElo "1073"]
[PlyCount "78"]
[EventDate "2022.07.08"]
[EventType "swiss"]
[EventRounds "7"]
[EventCountry "CAN"]

1. d4 Nf6 2. e3 g6 3. Bd3 Bg7 4. Nd2 d5 5. f4 O-O 6. Ngf3 Bg4 7. h3 Bxf3 8.
Nxf3 Nbd7 9. O-O c5 10. c3 c4 11. Bc2 b5 12. a3 a5 13. Bd2 e6 14. Ne5 Qb6 15.
g4 Nxe5 16. dxe5 Nd7 17. Qe2 a4 18. Kh2 Qc7 19. Kh1 Qb7 20. Qg2 Ra6 21. Rad1
Nc5 22. Bc1 Qc7 23. e4 dxe4 24. Bxe4 g5 25. Qc2 Nxe4 26. Qxe4 gxf4 27. Bxf4
Raa8 28. Rd6 Rfd8 29. Rfd1 Bf8 30. Rxd8 Rxd8 31. Rxd8 Qxd8 32. Qb7 Qd1+ 33. Kh2
Qc2+ 34. Qg2 Qb1 35. Qd2 Qf1 36. Bg5 Qd3 37. Qxd3 cxd3 38. Kg3 Bg7 39. Bf4 Bxe5
0-1

[Event "CYCC U12"]
[Site "Hamilton CAN"]
[Date "2022.07.09"]
[Round "4.17"]
[White "Chen, Michael"]
[Black "Lau, Jayden"]
[Result "0-1"]
[WhiteElo "1152"]
[BlackElo "745"]
[PlyCount "58"]
[EventDate "2022.07.08"]
[EventType "swiss"]
[EventRounds "7"]
[EventCountry "CAN"]

1. e4 e6 2. d4 d5 3. e5 c5 4. c3 Nc6 5. Nf3 Qb6 6. Bd3 Bd7 7. Bc2 cxd4 8. cxd4
Nb4 9. Nc3 Nxc2+ 10. Qxc2 Rc8 11. a3 Ne7 12. g4 Nc6 13. Be3 Be7 14. h4 f6 15.
g5 fxe5 16. dxe5 d4 17. Rd1 dxe3 18. O-O Rf8 19. g6 h6 20. Kg2 Rf5 21. Rxd7
Rxf3 22. Rxe7+ Kxe7 23. Kxf3 Nd4+ 24. Kg2 Nxc2 25. Rd1 Rxc3 26. bxc3 e2 27.
Rd7+ Kxd7 28. a4 e1=Q 29. a5 Qbxf2+ 0-1

[Event "CYCC U12"]
[Site "Hamilton CAN"]
[Date "2022.07.09"]
[Round "4.18"]
[White "Chen (172271), Chen"]
[Black "Ahlawat, Jaiho"]
[Result "1/2-1/2"]
[WhiteElo "824"]
[BlackElo "1601"]
[PlyCount "81"]
[EventDate "2022.07.08"]
[EventType "swiss"]
[EventRounds "7"]
[EventCountry "CAN"]

1. e4 e5 2. Nf3 Nc6 3. Nc3 Nf6 4. Bb5 d6 5. h3 Bd7 6. Bxc6 Bxc6 7. d3 Be7 8.
O-O O-O 9. Be3 h6 10. Qd2 Kh7 11. Nh4 Bd7 12. Nf5 Bxf5 13. exf5 d5 14. d4 exd4
15. Bxd4 c6 16. Rfe1 Qd7 17. Qe2 Rfe8 18. Qf3 Ne4 19. Nxe4 dxe4 20. Rxe4 Bd6
21. Rxe8 Rxe8 22. Qg4 f6 23. Qg6+ Kh8 24. Bxa7 Qe7 25. Be3 Qe5 26. g3 Rd8 27.
c3 Qb5 28. Rd1 Qe5 29. Bf4 Qe7 30. Bxd6 Rxd6 31. Rxd6 Qxd6 32. Qe8+ Kh7 33. b4
Qd1+ 34. Kg2 Qd5+ 35. Kh2 Qxa2 36. Qg6+ Kh8 37. Kg2 Qd5+ 38. Kh2 Qf3 39. Qe8+
Kh7 40. Qg6+ Kh8 41. Qe8+ 1/2-1/2

[Event "CYCC U12"]
[Site "Hamilton CAN"]
[Date "2022.07.09"]
[Round "4.19"]
[White "Gao, Justin"]
[Black "Zhang, Joey"]
[Result "1-0"]
[WhiteElo "1587"]
[BlackElo "944"]
[PlyCount "71"]
[EventDate "2022.07.08"]
[EventType "swiss"]
[EventRounds "7"]
[EventCountry "CAN"]

1. e4 c5 2. Nf3 Nc6 3. d4 cxd4 4. Nxd4 Nf6 5. Nc3 e6 6. Nxc6 dxc6 7. Qxd8+ Kxd8
8. Bg5 Be7 9. O-O-O+ Kc7 10. e5 Ng8 11. Bf4 h5 12. Be2 g5 13. Be3 f6 14. f4 g4
15. h3 g3 16. h4 Nh6 17. Bd2 Nf5 18. Ne4 fxe5 19. fxe5 Nxh4 20. Nxg3 Nxg2 21.
Rdg1 Nh4 22. Nxh5 Nf5 23. Nf4 Bd7 24. Bc4 Nd4 25. Bc3 Nf3 26. Rf1 Rxh1 27. Rxh1
b5 28. Be2 Bg5 29. Bxf3 Bxf4+ 30. Kd1 Rf8 31. Bb4 Rf5 32. Bd6+ Kb6 33. Rh7 Bc8
34. b4 Bxe5 35. Bc5+ Ka6 36. Rxa7# 1-0

[Event "CYCC U12"]
[Site "Hamilton CAN"]
[Date "2022.07.09"]
[Round "4.21"]
[White "Lu, Austin"]
[Black "Li, Andrew"]
[Result "1-0"]
[WhiteElo "1087"]
[BlackElo "841"]
[PlyCount "113"]
[EventDate "2022.07.08"]
[EventType "swiss"]
[EventRounds "7"]
[EventCountry "CAN"]

1. e4 e5 2. Nf3 Nc6 3. Bc4 Nf6 4. d3 Bc5 5. c3 d5 6. exd5 Nxd5 7. O-O Be6 8.
Re1 f6 9. d4 Be7 10. dxe5 fxe5 11. Nxe5 Qd6 12. Nxc6 Qxc6 13. Bxd5 Bxd5 14. Bg5
Be6 15. Bxe7 Kxe7 16. Nd2 Rad8 17. Qe2 Kf7 18. Nf3 Qd5 19. Qxe6+ Qxe6 20. Ng5+
Kf6 21. Nxe6 Rd2 22. Nxc7 Rxb2 23. Reb1 Rxb1+ 24. Rxb1 b6 25. Nb5 a6 26. Nc7
Rc8 27. Nxa6 Rxc3 28. Rxb6+ Ke5 29. g3 Ra3 30. Nb4 Ra4 31. Kg2 g5 32. Nd3+ Kf5
33. Rb5+ Kg4 34. Rb4+ Rxb4 35. Nxb4 Kf5 36. a4 Ke6 37. a5 Kd6 38. a6 Kc7 39.
Kf3 h6 40. Kg4 Kb6 41. Kh5 g4 42. Kxg4 Ka7 43. Kh5 Kb6 44. Kxh6 Ka7 45. f4 Kb6
46. f5 Ka7 47. f6 Kb6 48. f7 Ka7 49. f8=Q Kb6 50. Qc8 Kb5 51. Qc6+ Ka5 52. Qb7
Ka4 53. a7 Kb3 54. a8=Q Kc4 55. Qac8+ Kb3 56. Qc2+ Ka3 57. Qa2# 1-0